00527cam a2200121 i 4500040000800000082002600008245005800034260005300092300003400145500018100179650002900360700001600389 cDLC00a334 SIA 1978 A107 Or.00aGroup farming in Asia :bexperiences and potentials / aSingapore :bSingapore University Press,cc1979. axvi, 296 p. :bill. ;c24 cm. a"Based on papers presented at a conference sponsored by the Regional Research and Training Programme of the Agricultural Development Council in Singapore on 22-24 August 1977." 0aAgriculture, Cooperative1 aWong, John,